| 000 | 00993cam a2200193 a 4500 | ||
|---|---|---|---|
| 020 | _a0821318594 | ||
| 082 | 0 | 0 |
_a388.1068 _bCAR _cD |
| 100 |
_aCarapetis, Steve _938541 |
||
| 245 | 0 | 4 |
_aThe Road Maintenance Initiative : _bbuilding capacity for policy reform. _cSteve Carapetis |
| 260 |
_aWashington, D.C. : _bWorld Bank, _cc1991. |
||
| 300 |
_a81 p. : _bill. ; _c28 cm. |
||
| 500 | _aAt head of title: Sub-Saharan Africa Transport Program. | ||
| 505 | 0 | _av. 1. Report on the policy seminars / Steve Carapetis, HernĂ¡n Levy, Terje Wolden -- v. 2. Readings and case studies -- v. 3. Guidelines for policy action planning / Carl Duisberg Gesellschaft. | |
| 526 |
_a0 _b0 _c0 _d388_106800000000000_CAR |
||
| 650 | 0 |
_aD _xMaintenance and repair _xGovernment policy _zAfrica, Sub-Saharan _xCongresses. _938542 |
|
| 650 | 0 |
_aRoads _xMaintenance and repair _xEconomic aspects _zAfrica, Sub-Saharan _xCongresses. _938543 |
|
| 710 | 2 |
_aSub-Saharan Africa Transport Program (World Bank) _938544 |
|
| 942 |
_2ddc _cBK |
||
| 999 |
_c543158 _d543158 |
||